00658nam a2200193Ia 4500003000900000008004100009040001600050080001800066100002500084245005900109260003200168300001600200490004900216650002900265700002600294942000700320999001500327952012200342IN-BaIIA211028s9999 xx 000 0 eng d cIIA Library a524.3-64bHOT aHottel, Hoyt C96729 0aRadiative transfercHoyt C. Hottel and Adel F. Sarofim aNew YorkbMcGraw-Hillc1967 axxiv, 520p. aMcGraw-Hill series in mechanical engineering aRadiative transfer91568 aSarofim, Adel F96730 cBK c3790d3790 00104070aBANbBANcGENd1971-07-24g104.62l0o524.3-64/ HOTp4232r2021-11-05v104.62w1971-07-24yBKGRs. 104.62